Junior Eurovision Song Contest all Winners - Statistics

General Stats
  • This quiz has been taken 317 times
    279 since last reset
  • The average score is 16 of 17
Answer Stats
Hint Answer % Correct
2008 Georgia
97%
2011 Georgia
97%
2016 Georgia
97%
2006 Russia
97%
2017 Russia
97%
2004 Spain
96%
2018 Poland
93%
2019 Poland
93%
2010 Armenia
92%
2014 Italy
90%
2005 Belarus
89%
2007 Belarus
89%
2013 Malta
87%
2015 Malta
87%
2009 Netherlands
87%
2003 Croatia
86%
2012 Ukraine
85%
No matching quizzes found
Score Distribution
Percent of People with Each Score
Percentile by Number Answered
Your Score History
You have not taken this quiz since the last reset